000 00717nam a2200229 u 4500
005 20240910064111.0
008 121121s2011 mx r 000 0 spa d
020 _a9786071605689
035 _aUPN01000188821
049 _aI
050 4 _aPZ49.63
_bI9.4
100 1 _aIwasa, Megumi,
_d1958-
_933178
245 1 0 _aJirafa africana /
_cMegumi Iwasa ; il. Juan Takabatake ; tr. Javier de Esteban.
260 _aMéxico :
_bFCE,
_c2011.
300 _a70 p. :
_bil.
440 0 _aA la orilla del viento.
_pPara los que empiezan a leer ;
_v208
650 0 _aAnimales
_vCuentos y leyendas
_9234
650 4 _aCUENTOS INFANTILES JAPONESES
_98590
650 7 _aAmistad
_2
_94317
905 _aInfantil
999 _c160924
_d160924